Matrices : theory and problems

Guardado en:
Bibliografiske detaljer
Hovedforfatter: Ayres, Frank, 1901-1994
Format: Bog
Sprog:English
Udgivet: New York, New York : Schaum 1962
Serier:Schaum’s outline series
Tags: Tilføj Tag
Ingen Tags, Vær først til at tagge denne postø!

MARC

LEADER 00000nam a2200000Ia 4500
003 L000695
005 20221231143954.0
008 140114s1962 nyua 000 ||eng d
040 |c cru CEDI 
082 |a 512.896 A985m 
100 |a Ayres, Frank, 1901-1994  |9 20519 
245 |a Matrices : theory and problems  
260 |a New York, New York : Schaum  |c 1962 
300 |a  218 páginas ; 28 cm. 
440 |a Schaum’s outline series  |9 19116 
654 |x MATRICES (MATEMATICAS)   |x MATRICES (MATEMATICAS) - PROBLEMAS, EJERCICIOS, ETC. 
942 |2 ddc  |c BK 
999 |c 15010  |d 15010